000 00939nam a2200229 a 4500
001 000025363
005 20200930023732.0
008 110215s1997 dr r 000 0 spa d
040 _aDO-SdBNP
_bspa
_cBNPHU
082 _a347.7293
_bG216e
100 1 _aGarcía Fermín, Franklin
_96422
245 1 0 _aEvaluación del poder judicial y recomendaciones para su transformación /
_cFranklin García Fermín ; prólogo Manuel Bergés Chupani.
260 _aSanto Domingo :
_bDominicana de Impresos y Publicidad,
_c1997.
300 _a115 p. ;
_c21 cm.
504 _aIncluye referencias bibliográficas y notas al pie de páginas.
504 _aBibliografía : p.111-115.
590 _aInventariado, 2018/BT
650 4 _aPoder judicial
_zRepública Dominicana
_910058
650 4 _aAdministración de justicia
_zRepública Dominicana
_910274
700 1 _aBergés Chupani, Manuel,
_epról.
_98440
910 _aValidado. Control de calidad. EMS
999 _c24855
_d24855